[Event "Salon de Provence op"]
[Site "Salon de Provence"]
[Date "2023.07.08"]
[Round "1.4"]
[White "Guillaume, Jean Tristan"]
[Black "Lalic, Bogdan"]
[Result "1/2-1/2"]
[WhiteElo "1701"]
[BlackElo "2371"]
[PlyCount "113"]
[EventDate "2023.07.08"]
[EventType "swiss"]
[EventRounds "9"]
[EventCountry "FRA"]
[SourceTitle "EXT 2024"]
[Source "ChessBase"]
[SourceDate "2023.10.10"]
[SourceVersion "1"]
[SourceVersionDate "2023.10.10"]
[SourceQuality "1"]

1. e4 g6 2. d4 Bg7 3. c3 d6 4. Bd3 c5 5. h3 cxd4 6. cxd4 Nc6 7. Nf3 Bd7 8. d5 Nb4 9. 0-0 Nf6 10. Nc3 Nxd3 11. Qxd3 0-0 12. Be3 Qa5 13. Bd4 Rfc8 14. Rfd1 b5 15. a3 b4 16. axb4 Qxb4 17. Rxa7 Rxa7 18. Bxa7 Qxb2 19. Bd4 Nh5 20. Ne2 Bb5 21. Bxb2 Bxd3 22. Rxd3 Bxb2 23. Rd2 Ba3 24. Ra2 Bc5 25. g4 Nf6 26. Ng3 Rb8 27. g5 Nd7 28. Kg2 Kg7 29. Ne2 Rb4 30. Ng3 Bb6 31. Re2 Nc5 32. e5 Nd3 33. exd6 exd6 34. Rd2 Nf4+ 35. Kh2 Bc5 36. Ne1 h6 37. gxh6+ Kxh6 38. Ng2 f5 39. Nxf4 Rxf4 40. Kg2 Kg5 41. f3 Rc4 42. Ne2 f4 43. Ra2 Kf5 44. Ra8 Rc2 45. Kf1 Be3 46. Rf8+ Ke5 47. Rg8 Kf5 48. Rf8+ Kg5 49. Rd8 Bc5 50. Rf8 Rc4 51. h4+ Kxh4 52. Rxf4+ Rxf4 53. Nxf4 Kg3 54. Nxg6 Kxf3 55. Ne7 Ke4 56. Nc8 Kxd5 57. Nxd6 1/2-1/2